Diario svedese (con accompagnamento blues) /

I tiakina i:
Ngā taipitopito rārangi puna kōrero
Kaituhi matua: Holmgren, Bjorn (Author)
Hōputu: Pukapuka
Reo:Itāriana
I whakaputaina: Roma : Playground, 2019
Rangatū:Syncro ; 4
Ngā Tūtohu: Tāpirihia he Tūtohu
Kāore He Tūtohu, Me noho koe te mea tuatahi ki te tūtohu i tēnei pūkete!

MARC

LEADER 00000nam a22000007i 4500
001 IT\ICCU\UBO\4378403
003 ItRI
005 20260306170003.0
008 190513s2019 it |||||| ||||| |||||c
020 |a 9788899452223 
040 |b ita  |c NP 
041 7 |a ita  |2 ISO-639-2 
100 1 |a Holmgren, Bjorn  |0 IT\ICCU\PARV\578175  |4 aut 
245 1 0 |a Diario svedese (con accompagnamento blues) /  |c Björn Holmgren. 
260 |a Roma :  |b Playground,  |c 2019 
300 |a 197 p. ;  |c 20 cm. 
830 0 |a Syncro ;  |v 4  |0 IT\ICCU\MOD\1653174 
942 |2 ddc  |c BK 
952 |0 0  |1 0  |2 ddc  |4 0  |6 839_738000000000000_HOL_DIA  |7 0  |9 33240  |a RO  |b RO  |d 2026-03-06  |l 0  |o 839.738 HOL DIA  |p 11768  |r 2026-03-06 17:05:29  |w 2026-03-06  |y BK 
981 1 |6 z01  |a i   |b xxxe  
982 1 |6 z01  |a n 
999 |c 28865  |d 28865